MARC details
| 000 -CABECERA |
| campo de control de longitud fija |
00987nam a2200229 a 4500 |
| 001 - NÚMERO DE CONTROL |
| campo de control |
000015085 |
| 005 - FECHA Y HORA DE LA ÚLTIMA TRANSACCIÓN |
| campo de control |
20240409120336.0 |
| 008 - DATOS DE LONGITUD FIJA--INFORMACIÓN GENERAL |
| campo de control de longitud fija |
100201s2003 dr ac 001 0dspa d |
| 020 ## - NÚMERO INTERNACIONAL ESTÁNDAR DEL LIBRO |
| Número Internacional Estándar del Libro |
9993493236 |
| 040 ## - FUENTE DE LA CATALOGACIÓN |
| Centro catalogador/agencia de origen |
DO-SdBNP |
| Lengua de catalogación |
spa |
| Centro/agencia transcriptor |
BNPHU |
| 082 ## - NÚMERO DE LA CLASIFICACIÓN DECIMAL DEWEY |
| Número de clasificación |
972.93054 |
| Número de documento/Ítem |
U15j |
| 100 1# - ENTRADA PRINCIPAL--NOMBRE DE PERSONA |
| Nombre de persona |
Ubiñas Renville, Guaroa, |
| Fechas asociadas al nombre |
1944- |
| 9 (RLIN) |
6462 |
| 245 13 - MENCIÓN DE TÍTULO |
| Título |
Un joven en la guerra de abril : |
| Resto del título |
testimonio / |
| Mención de responsabilidad, etc. |
Guaroa Ubiñas Renville ; prólogo Franklin Franco Pichardo. |
| 260 ## - PUBLICACIÓN, DISTRIBUCIÓN, ETC. |
| Lugar de publicación, distribución, etc. |
Santo Domingo : |
| Nombre del editor, distribuidor, etc. |
Manatí, |
| Fecha de publicación, distribución, etc. |
2003. |
| 300 ## - DESCRIPCIÓN FÍSICA |
| Extensión |
177 p. : |
| Otras características físicas |
il., retrs. ; |
| Dimensiones |
21 cm. |
| 500 ## - NOTA GENERAL |
| Nota general |
Incluye datos biográficos del autor en la contracubierta. |
| 590 ## - NOTA LOCAL (RLIN) |
| Nota local |
Inventariado, 2019/MFF |
| 651 #4 - PUNTO DE ACCESO ADICIONAL DE MATERIA--NOMBRE GEOGRÁFICO |
| Nombre geográfico |
República Dominicana |
| Subdivisión general |
Historia |
| Subdivisión cronológica |
REVOLUCIÓN, 1965 |
| Subdivisión general |
Correspondencias, Memorias, Etc. |
| 9 (RLIN) |
34159 |
| 651 #0 - PUNTO DE ACCESO ADICIONAL DE MATERIA--NOMBRE GEOGRÁFICO |
| Nombre geográfico |
REPÚBLICA DOMINICANA |
| Subdivisión general |
HISTORIA |
| Subdivisión cronológica |
OCUPACIÓN NORTEAMERICANA, 1985-1966 |
| Subdivisión general |
CORRESPONDENCIA, MEMORIAS, ETC |
| 9 (RLIN) |
16871 |
| 700 12 - PUNTO DE ACCESO ADICIONAL--NOMBRE DE PERSONA |
| Nombre de persona |
Franco, Franklin J., |
| Fechas asociadas al nombre |
1936- |
| Término indicativo de función/relación |
pról. |
| 9 (RLIN) |
34417 |
| 910 ## - DATOS DE OPCIÓN DEL USUARIO (OCLC) |
| Datos de opción del usuario |
Validado. Control de calidad EMS |